| 000 | 01459nam a22002657a 4500 | ||
|---|---|---|---|
| 005 | 20251104064134.0 | ||
| 008 | 120502t2008 ag a | |||| 00| 0 spa d | ||
| 040 | _aAR-MoUNM | ||
| 082 |
_220 _a371.36 _bARGENTI 691 |
||
| 110 | 2 |
_92671 _aArgentina. _bMinisterio de Cultura y Educación |
|
| 245 | 1 | 0 |
_aHomenaje a la CREAR : _bcompilación de materiales utilizados en la campaña de alfabetización iniciada en el año 1973 / _cElia Luparia de Ferré ... [et al.] ; coordinación, Dirección de Educación de Jóvenes y Adultos. |
| 260 |
_aBuenos Aires : _bMinisterio de Educación, _c2008. |
||
| 300 |
_a245 p. : _blám. ; _c23 cm. |
||
| 500 | _aEsta publicación es un homenaje a quienes diseñaron y llevaron a cabo la campaña, un documento histórico y, al mismo tiempo, un aporte a las actuales políticas que se llevan a cabo tanto en el ámbito nacional como jurisdiccionall y en el ámbito gubernamental como en el de las organizaciones sociales. | ||
| 650 | 7 |
_2unescot _aEDUCACION _9319 |
|
| 650 | 7 |
_2unescot _92208 _aPLANIFICACION |
|
| 650 | 7 |
_2unescot _9919 _aDESARROLLO DE LA EDUCACION |
|
| 650 | 7 |
_2unescot _92599 _aEDUCACION DE ADULTOS |
|
| 650 | 7 |
_2unescot _92440 _aALFABETIZACION |
|
| 650 | 7 |
_2unescot _9915 _aPROYECTO DE EDUCACION |
|
| 651 | 7 |
_2unescot _aARGENTINA _92590 |
|
| 700 | 1 |
_93265 _aLuparia de Ferré, Elida |
|
| 710 | 2 |
_9692 _aArgentina. Ministerio de Educación. _bDirección de Educación de Jóvenes y Adultos. _ecoord. |
|
| 942 | _cLIBRO | ||
| 999 |
_c802 _d802 |
||